000 00551nam a2200217Ia 4500
003 0100
008 130227s9999 xx 000 0 und d
040 _cARRUPELIB
050 _aB2766.Z56D184
100 _aDaniel, David Mills
245 _aKant's groundwork of the metaphysics of morals
260 _aLondon
260 _bSCM Press
260 _C2006
300 _ax
300 _b 69p. 20cm.
650 _bCitizenship- Study and teaching
650 _cIntercultural education
650 _dPluralism (Social sciences)
942 _2lcc
_06
999 _c5871
_d5871